| 000 | 00775nam a22001577a 4500 | ||
|---|---|---|---|
| 003 | OSt | ||
| 005 | 20151003104102.0 | ||
| 008 | 151003b xxu||||| |||| 00| 0 eng d | ||
| 040 | _cRUA | ||
| 082 | _aAVM អ៊ុំ 1992 B066 Or.1 | ||
| 100 |
_91863 _aអ៊ុំ ភិណន់ |
||
| 245 | _aការចិញ្ចឹមជ្រូកក្នុងជួរប្រជាជន និងលទ្ធភាពកែលំអែរ | ||
| 260 |
_aPhnom Penh _bRUA _c1992 |
||
| 300 |
_a 115p. _billl. _c29cm. |
||
| 942 |
_2ddc _cAVM |
||
| 999 |
_c1760 _d1760 |
||